| 000 | 00504nam a2200145Ia 4500 | ||
|---|---|---|---|
| 008 | 100122s9999 xx 000 0 und d | ||
| 082 |
_b30975 _a823 |
||
| 100 | _aकवीश्वर छबुताई | ||
| 245 | _aकाय सांगू कसेे सांगू | ||
| 260 |
_bसुरस प्रकाशन _c1981 |
||
| 300 | _a74 | ||
| 630 | _aकाय सांगू कसेे सांगू | ||
| 730 | _aकाय सांगू कसेे सांगू | ||
| 942 | _cBOOK | ||
| 999 |
_c415744 _d415741 |
||